000 00354nam a2200145Ia 4500
100 _aAltan/ T/ OH/ S H Gegal
942 _cBK
654 _ametal forming
245 _aMetal Forming : Fundamentals and Application
260 _bAmerican Socty for metals
_c1983
082 _a671.30202
_bATL/O
300 _a353
546 _aENGLISH
999 _c25324
_d25324